Countries in Geoguessr: Quiz - Statistics

General Stats
  • This quiz has been taken 73 times
    72 since last reset
  • The average score is 84 of 104
Answers on the Map
Answers color-coded by a green-red scale on the quiz's map according to % correct below.
 
Answer Stats
Answer % Correct
Canada
95%
United States
95%
Mexico
93%
Brazil
92%
Japan
90%
Chile
88%
China
88%
France
88%
Germany
88%
Ireland
88%
Poland
88%
Argentina
86%
Bolivia
86%
Denmark
86%
Netherlands
86%
Panama
86%
Peru
86%
Portugal
86%
Russia
86%
Sweden
86%
United Kingdom
86%
Uruguay
86%
Australia
85%
Austria
85%
Belgium
85%
Colombia
85%
Ecuador
85%
Finland
85%
Guatemala
85%
Iceland
85%
India
85%
Indonesia
85%
Italy
85%
Kazakhstan
85%
Latvia
85%
Mongolia
85%
Norway
85%
South Korea
85%
Spain
85%
Switzerland
85%
Turkey
85%
Ukraine
85%
Vietnam
85%
Bangladesh
83%
Cambodia
83%
Croatia
83%
Czech Republic
83%
Estonia
83%
Greece
83%
Hungary
83%
Laos
83%
Lithuania
83%
Oman
83%
Qatar
83%
Slovakia
83%
Slovenia
83%
South Africa
83%
Thailand
83%
United Arab Emirates
83%
Dominican Republic
81%
Israel
81%
New Zealand
81%
North Macedonia
81%
Philippines
81%
Romania
81%
Albania
80%
Bhutan
80%
Bulgaria
80%
Malaysia
80%
Malta
80%
Nepal
80%
Serbia
80%
Costa Rica
78%
Montenegro
78%
Nigeria
78%
Pakistan
78%
Ghana
76%
Jordan
76%
Kenya
76%
Kyrgyzstan
76%
Lesotho
76%
Liechtenstein
76%
Luxembourg
76%
Egypt
75%
Eswatini
75%
Sri Lanka
75%
Uganda
75%
Botswana
73%
Madagascar
73%
Monaco
73%
Namibia
73%
Senegal
73%
Tunisia
73%
Andorra
69%
San Marino
69%
Iraq
68%
Rwanda
68%
Belarus
66%
Lebanon
64%
Singapore
64%
Tanzania
59%
Mali
53%
Vanuatu
51%
Sao Tome and Principe`
49%
No matching quizzes found
Score Distribution
Percent of People with Each Score
Percentile by Number Answered
Your Score History
You have not taken this quiz since the last reset